Paesi che Confinano con la Serbia - Statistics

Statistiche generali
  • Questo quiz è stato fatto 8.683 volte
  • Il punteggio medio è 8 su 8
Risposte nella Mappa
Le risposte nella mappa del quiz sottostante sono codificate secondo una scala di colori dal rosso al verde in base alla % di persone che hanno risposto correttamente.
 
Statistiche sulle risposte
Paesi % Corretto
Bosnia ed Erzegovina
96%
Croazia
96%
Kosovo
96%
Montenegro
95%
Romania
95%
Macedonia del Nord
94%
Bulgaria
93%
Ungheria
91%
Nessun quiz corrispondente trovato
Distribuzione punteggi
Percentuale di utenti per punteggio
Percentile per numero di risposta
I tuoi punteggi nel tempo
Non hai fatto questo quiz